000
00300nam a2200145Ia 4500
100
_a
McCarthy/Michael
650
_a
Communication Skill
942
_c
BK
366
_f
20
245
_a
English Vocabulary in use
260
_b
C.U.P
_c
2001
300
_a
296
546
_a
ENGLISH
_c
TTL
999
_c
20783
_d
20783